The big book of quick and easy art activities. Grades K-3. (Record no. 112545)
[ view plain ]
| 000 -LEADER | |
|---|---|
| fixed length control field | 00302nam a2200109 a 4500 |
| 005 - DATE AND TIME OF LATEST TRANSACTION | |
| control field | 20140414131939.0 |
| 008 - FIXED-LENGTH DATA ELEMENTS--GENERAL INFORMATION | |
| fixed length control field | 110125s19uu xx 00 eng d |
| 050 ## - LIBRARY OF CONGRESS CALL NUMBER | |
| Classification number | TR 372.5 |
| Item number | B43 2005 |
| 100 ## - MAIN ENTRY--PERSONAL NAME | |
| Personal name | Bentley, Linda |
| 245 ## - TITLE STATEMENT | |
| Title | The big book of quick and easy art activities. Grades K-3. |
| Withdrawn status | Lost status | Damaged status | Home library | Current library | Shelving location | Date acquired | Total Checkouts | Full call number | Barcode | Date last seen | Price effective from | Koha item type |
|---|---|---|---|---|---|---|---|---|---|---|---|---|
| Munich Library | Munich Library | Teachers Reference Section | 01/25/2011 | TR 372.5 B43 2005 | M3882 | 04/14/2014 | 04/14/2014 | Books |